[Event "Ì11Ï"]
[Site "Loo"]
[Date "2017.04.25"]
[Round "6.28"]
[White "Øåðåìåòüåâ, Âëàäèñëàâ."]
[Black "Åôèìîâ, Ëåîíèä."]
[Result "0-1"]
[WhiteElo "1469"]
[BlackElo "1287"]
[PlyCount "154"]
[EventDate "2017.04.20"]

1. e4 c5 2. c3 e6 3. d4 d5 4. e5 Nc6 5. Nf3 Qb6 6. Be2 cxd4 7. cxd4 Bb4+ 8. Nc3
Nge7 9. Qd3 Nf5 10. Kf1 O-O 11. g4 Nfe7 12. Ng5 Ng6 13. h4 Qxd4 14. Qc2 f5 15.
Be3 Qxe5 16. gxf5 exf5 17. Nxd5 h6 18. Nf3 Qe4 19. Nxb4 Nxb4 20. Qc4+ Be6 21.
Qxe4 fxe4 22. Nd4 Bd5 23. a3 Nc6 24. Nb5 Nge5 25. Rg1 Kh7 26. Nc3 Bc4 27. Nxe4
Bxe2+ 28. Kxe2 Nc4 29. b3 Nxe3 30. Kxe3 Rae8 31. Rad1 Rf7 32. Rd5 Rfe7 33. f3
Ne5 34. Re1 Rf8 35. Rf1 Rfe8 36. Re1 Rf8 37. Rf1 Rc8 38. Kf4 Rf8+ 39. Ke3 Ng4+
40. Ke2 Rf4 41. Rd4 Nf6 42. Ke3 Rxh4 43. Kd3 Nxe4 44. Rxe4 Rhxe4 45. fxe4 g5
46. Kd4 Kg7 47. Kd5 Rf7 48. Rh1 Rf6 49. e5 Rg6 50. Rf1 g4 51. e6 g3 52. e7 g2
53. Rf8 g1=Q 54. e8=Q Qd1+ 55. Ke4 Qe2+ 56. Kd5 Qd3+ 57. Ke5 Qe3+ 58. Kd5 Qxb3+
59. Ke4 Re6+ 60. Kd4 Rxe8 61. Rxe8 Qa4+ 62. Kc5 Qxe8 63. Kb4 h5 64. Kc3 Qd7 65.
Kc2 h4 66. Kb2 h3 67. Kb3 h2 68. Kb2 Qc6 69. Kb3 Qc5 70. a4 a5 71. Ka2 Qb4 72.
Ka1 h1=R+ 73. Ka2 Rh2+ 74. Ka1 Qxa4+ 75. Kb1 Qa2+ 76. Kc1 Kf6 77. Kd1 Qd2# 0-1

[Event "Ì11Ï"]
[Site "Loo"]
[Date "2017.04.25"]
[Round "6.29"]
[White "Ôàèçîâ, Ðàèëü."]
[Black "Íåãîðååâ, Çàõàð."]
[Result "0-1"]
[WhiteElo "1293"]
[BlackElo "1428"]
[PlyCount "70"]
[EventDate "2017.04.20"]

1. e4 c6 2. d4 d5 3. Nc3 dxe4 4. Nxe4 Bf5 5. Ng3 Bg6 6. Nh3 h6 7. Nf4 Bh7 8.
Bc4 e6 9. O-O Nf6 10. c3 Be7 11. Re1 O-O 12. Bxe6 fxe6 13. Nxe6 Qc8 14. Nxf8
Bxf8 15. Be3 Bg6 16. f3 Nbd7 17. Bf2 Nb6 18. Ne4 Nfd5 19. Bg3 Qd7 20. Nf2 Be7
21. Nd3 Qf5 22. Ne5 Be8 23. Qe2 Nf4 24. Bxf4 Qxf4 25. Qc2 Rb8 26. Ng6 Bxg6 27.
Qxg6 Qf7 28. Qg3 Rd8 29. Qf2 Bd6 30. Qc2 Qf4 31. h3 Qh2+ 32. Kf1 Bg3 33. Qb3+
Kh8 34. Qf7 Qh1+ 35. Ke2 Qxg2+ 0-1

[Event "Ì11Ï"]
[Site "Loo"]
[Date "2017.04.25"]
[Round "6.30"]
[White "Âàõòèí, Ïåòð."]
[Black "Íàäâèäîâ, Ýëüâåê."]
[Result "1-0"]
[WhiteElo "1428"]
[BlackElo "1285"]
[PlyCount "81"]
[EventDate "2017.04.20"]

1. c4 e5 2. Nc3 d6 3. g3 Nf6 4. Bg2 Nc6 5. Nf3 Bg4 6. O-O Be7 7. Re1 O-O 8. d4
exd4 9. Nxd4 Nxd4 10. Qxd4 c6 11. Bg5 Bf5 12. e4 Bg6 13. Bf4 Nh5 14. Qd2 Nxf4
15. Qxf4 Bg5 16. Qf3 f5 17. e5 dxe5 18. Rxe5 f4 19. Rd1 Qf6 20. gxf4 Bxf4 21.
Ree1 Qh4 22. Qh3 Qg5 23. Ne4 Bxe4 24. Rxe4 Rae8 25. Rxe8 Rxe8 26. Qd7 Rf8 27.
Qe6+ Kh8 28. Qe2 Qh4 29. h3 h6 30. Rd3 Bc7 31. c5 Qf4 32. Qe3 Qc4 33. Rb3 Bf4
34. Qc3 Qf7 35. Qc2 Qe7 36. Qc3 Qf7 37. Qc2 Qe7 38. a3 Qe1+ 39. Bf1 Bh2+ 40.
Kg2 Rf7 41. Re3 1-0

[Event "Ì11Ï"]
[Site "Loo"]
[Date "2017.04.25"]
[Round "6.31"]
[White "Âîëîâè÷, Åâãåíèé."]
[Black "Öûáåíîâ, Àðñëàí."]
[Result "0-1"]
[WhiteElo "1292"]
[BlackElo "1425"]
[PlyCount "70"]
[EventDate "2017.04.20"]

1. e4 c6 2. d4 d5 3. exd5 cxd5 4. Bd3 Nf6 5. h3 Nc6 6. c3 e6 7. Nf3 Bd6 8. O-O
Bd7 9. Nbd2 h6 10. Re1 Qc7 11. Bc2 g5 12. Bb3 O-O-O 13. c4 Rdg8 14. c5 Be7 15.
Nf1 g4 16. hxg4 Rxg4 17. N1h2 Rg7 18. Ne5 Rhg8 19. g3 Nxe5 20. Bf4 Nfg4 21.
Rxe5 Nxe5 22. Bxe5 Qd8 23. Bxg7 Rxg7 24. Qf3 Qc7 25. Ng4 h5 26. Ne5 h4 27. Qh5
Qd8 28. Nxd7 Kxd7 29. c6+ bxc6 30. Ba4 Qa5 31. b3 Qc3 32. Rd1 hxg3 33. Qe5
gxf2+ 34. Kxf2 Qc2+ 35. Ke3 Bg5+ 0-1

[Event "Ì11Ï"]
[Site "Loo"]
[Date "2017.04.25"]
[Round "6.32"]
[White "Áèñêóï, Ñòåïàí."]
[Black "Ïè÷êàñêîâ, Âàäèì."]
[Result "0-1"]
[WhiteElo "1394"]
[BlackElo "1277"]
[PlyCount "154"]
[EventDate "2017.04.20"]

1. d4 d5 2. Nf3 e6 3. g3 c5 4. e3 Nc6 5. Bg2 Nf6 6. O-O Be7 7. a3 O-O 8. Ne5
Qc7 9. f4 Qb6 10. c3 Nd7 11. Kh1 Qc7 12. c4 Ncxe5 13. dxe5 dxc4 14. Nc3 a6 15.
Ne4 Rb8 16. Nd6 Nb6 17. Ne4 Nd5 18. Nc3 Nxc3 19. bxc3 b5 20. Bb2 Bb7 21. Qc2
Bxg2+ 22. Qxg2 Qb7 23. Qxb7 Rxb7 24. e4 Rd7 25. Rad1 Rfd8 26. Rxd7 Rxd7 27. Rf2
h6 28. f5 exf5 29. exf5 Bd8 30. Kg2 Re7 31. Re2 Bc7 32. e6 Kf8 33. Bc1 fxe6 34.
fxe6 h5 35. Bg5 Re8 36. e7+ Kf7 37. Rf2+ Kg8 38. Rd2 Kf7 39. Rf2+ Kg8 40. Rf5
Bd6 41. Kf2 Bxe7 42. Bxe7 Rxe7 43. Rxc5 Rd7 44. Rxh5 Rd3 45. a4 bxa4 46. Ra5
Rxc3 47. Rxa4 Rc2+ 48. Ke3 Rxh2 49. Rxc4 Ra2 50. Kd4 a5 51. g4 Rb2 52. Kc3 Rb4
53. Rxb4 axb4+ 54. Kxb4 Kf7 55. Kc4 Kg6 56. Kd3 Kg5 57. Ke2 Kxg4 58. Kf2 Kf4
59. Kg2 Kg4 60. Kf2 Kh3 61. Kg1 Kg3 62. Kf1 Kh2 63. Kf2 g5 64. Kf3 Kh3 65. Kf2
g4 66. Kg1 Kg3 67. Kh1 Kf2 68. Kh2 g3+ 69. Kh3 g2 70. Kg4 g1=Q+ 71. Kf4 Qe1 72.
Kf5 Kf3 73. Kf6 Kf4 74. Kf7 Kf5 75. Kf8 Kf6 76. Kg8 Qh4 77. Kf8 Qh8# 0-1

[Event "Ì11Ï"]
[Site "Loo"]
[Date "2017.04.25"]
[Round "6.33"]
[White "Êóëàêîâ, Òèìîôåé."]
[Black "Çèìèí, Àðòóð."]
[Result "1-0"]
[WhiteElo "1392"]
[BlackElo "1255"]
[PlyCount "39"]
[EventDate "2017.04.20"]

1. e4 c5 2. Nf3 Nc6 3. c3 e5 4. Be2 Nf6 5. d3 Be7 6. O-O d6 7. Bg5 h6 8. Bh4
O-O 9. Nbd2 Be6 10. Re1 b5 11. a3 a5 12. d4 Bd7 13. Bxb5 Nxd4 14. cxd4 Bxb5 15.
dxe5 dxe5 16. Nxe5 Nxe4 17. Bxe7 Nxf2 18. Bxd8 Nxd1 19. Raxd1 Raxd8 20. Ndf3
1-0

[Event "Ì11Ï"]
[Site "Loo"]
[Date "2017.04.25"]
[Round "6.34"]
[White "Ïîçäååâ, Äìèòðèé."]
[Black "Ïîòàïîâ, Äìèòðèé."]
[Result "1/2-1/2"]
[WhiteElo "1281"]
[BlackElo "1383"]
[PlyCount "82"]
[EventDate "2017.04.20"]

1. e4 e5 2. Nf3 Nc6 3. Nc3 Nf6 4. Bb5 Nd4 5. Nxe5 Qe7 6. Nf3 Nxb5 7. Nxb5 Qxe4+
8. Qe2 Qxe2+ 9. Kxe2 Nd5 10. Nfd4 a6 11. Nc3 Nxc3+ 12. dxc3 Bc5 13. Kd3 O-O 14.
Re1 b5 15. Bf4 c6 16. a4 Bb7 17. f3 Rfe8 18. axb5 cxb5 19. Nf5 Re6 20. Rxe6
dxe6 21. Nd4 Rd8 22. Rd1 f6 23. Ke2 e5 24. Ne6 Rxd1 25. Kxd1 Be7 26. Be3 e4 27.
f4 a5 28. Bb6 a4 29. Nd4 Ba6 30. Kd2 g6 31. g4 Bc8 32. Nxb5 Bxg4 33. c4 Bd7 34.
Nd4 Kf8 35. Ke3 f5 36. c5 Bf6 37. Ba5 Bxd4+ 38. Kxd4 Bc6 39. Bd2 Ke7 40. Ke5
Bb7 41. Be3 Bc6 1/2-1/2

[Event "Ì11Ï"]
[Site "Loo"]
[Date "2017.04.25"]
[Round "6.35"]
[White "Ñîêîëîâ, Åãîð."]
[Black "Õàððàñîâ, Äìèòðèé."]
[Result "0-1"]
[WhiteElo "1372"]
[BlackElo "1232"]
[PlyCount "70"]
[EventDate "2017.04.20"]

1. e4 e5 2. Nf3 Nc6 3. Nc3 Nf6 4. Bb5 Nd4 5. Nxd4 exd4 6. Ne2 Nxe4 7. O-O Bc5
8. c3 dxc3 9. dxc3 Nxf2 10. Rxf2 Bxf2+ 11. Kxf2 Qf6+ 12. Kg1 Qb6+ 13. Nd4 O-O
14. Ba4 Qf6 15. Be3 Re8 16. Bf2 c6 17. Bc2 d5 18. Qd3 g6 19. Rf1 Qg5 20. Nf3
Qh5 21. Bd1 Bf5 22. Qd2 Bg4 23. h3 Bxf3 24. Bxf3 Qe5 25. Bd4 Qd6 26. Qh6 Qf8
27. Qf4 f5 28. Qg5 Re6 29. Bg4 Qe7 30. Rxf5 Re1+ 31. Kf2 Qxg5 32. Rxg5 Rae8 33.
a4 Kf7 34. h4 h6 35. Bd7 R8e2+ 0-1

[Event "Ì11Ï"]
[Site "Loo"]
[Date "2017.04.25"]
[Round "6.36"]
[White "Íîâèêîâ, Ôåäîð."]
[Black "Àâåðèí, Íèêîëàé."]
[Result "0-1"]
[WhiteElo "1287"]
[BlackElo "1363"]
[PlyCount "142"]
[EventDate "2017.04.20"]

1. e4 Nf6 2. Bc4 Nxe4 3. Bxf7+ Kxf7 4. Qh5+ g6 5. Qd5+ e6 6. Qxe4 Bg7 7. h4 Qf6
8. Nf3 Qf5 9. Ng5+ Ke8 10. Qc4 Nc6 11. d3 d5 12. Qa4 Bd7 13. Na3 Qe5+ 14. Be3
Qxb2 15. Rb1 Qxa2 16. Rxb7 Bb2 17. Bc5 Qa1+ 18. Ke2 Qxh1 19. Rxb2 Qa1 20. Rb7
Qe5+ 21. Be3 Nd8 22. Qb4 Nxb7 23. Qxb7 Rc8 24. Qxa7 Rf8 25. Qc5 h6 26. Nf3 Qd6
27. Qc3 h5 28. Bc5 Qa6 29. Bxf8 Kxf8 30. Qh8+ Ke7 31. Qg7+ Kd6 32. Qe5+ Kc6 33.
Nd4+ Kb7 34. Nb1 c5 35. Nb3 Qb6 36. Nc3 c4 37. Nd4 cxd3+ 38. Kxd3 Qa6+ 39. Kd2
Qc4 40. Qe3 e5 41. Nb3 Qf4 42. Qxf4 exf4 43. Nxd5 Rf8 44. Ne7 Bf5 45. Nd4 Be4
46. f3 Bf5 47. Ndxf5 gxf5 48. Ng6 Rd8+ 49. Kc3 Rd1 50. Nxf4 Rh1 51. Ng6 Rh2 52.
Nf4 Rxh4 53. Ng6 Rh2 54. Nf4 Kc6 55. Kc4 Rh4 56. g3 Rxf4+ 57. gxf4 h4 58. Kd4
h3 59. Ke5 h2 60. Kxf5 h1=Q 61. Kf6 Qxf3 62. f5 Kd6 63. c4 Qh5 64. c5+ Kxc5 65.
Ke6 Qe8+ 66. Kf6 Qf8+ 67. Ke6 Kc6 68. f6 Kc7 69. f7 Kc6 70. Kf6 Kd6 71. Kg6 Ke6
0-1

[Event "Ì11Ï"]
[Site "Loo"]
[Date "2017.04.25"]
[Round "6.37"]
[White "Çàêèðîâ, Òèìóð."]
[Black "Àíäðååâ, Êîíñòàíòèí."]
[Result "0-1"]
[WhiteElo "1253"]
[BlackElo "1355"]
[PlyCount "66"]
[EventDate "2017.04.20"]

1. e4 e5 2. Nf3 Nc6 3. Bb5 d6 4. O-O Bd7 5. c3 Nf6 6. Re1 Be7 7. d4 O-O 8. h3
Re8 9. Nbd2 Bf8 10. Ba4 g6 11. Bc2 Bg7 12. Nf1 Nh5 13. Ne3 Nf4 14. Nc4 b5 15.
Bxf4 bxc4 16. Bg5 Qb8 17. Bc1 Qb6 18. dxe5 Nxe5 19. Nd4 Rad8 20. Qe2 d5 21. Rb1
dxe4 22. Be3 c5 23. Bxe4 cxd4 24. Bxd4 Qa6 25. a3 Nd3 26. Red1 Bxd4 27. cxd4
Bf5 28. f3 Bxe4 29. fxe4 Rxd4 30. Qc2 Rdxe4 31. Kh2 Qd6+ 32. Kg1 Qg3 33. Rxd3
Re1+ 0-1

[Event "Ì11Ï"]
[Site "Loo"]
[Date "2017.04.25"]
[Round "6.38"]
[White "Ëûñîâ, Àðñåíèé."]
[Black "Îðëîâ, Ïîòàï."]
[Result "1/2-1/2"]
[WhiteElo "1354"]
[BlackElo "1217"]
[PlyCount "62"]
[EventDate "2017.04.20"]

1. e4 c5 2. Nf3 e6 3. d4 cxd4 4. Nxd4 a6 5. Nc3 d6 6. g3 b5 7. Bg2 Bb7 8. O-O
Nd7 9. Re1 Ngf6 10. a3 Be7 11. e5 dxe5 12. Bxb7 exd4 13. Bxa8 dxc3 14. Bc6 Qc7
15. Bxd7+ Nxd7 16. b4 O-O 17. Be3 Rd8 18. Qe2 Bf6 19. Rad1 Kf8 20. Rd3 Ne5 21.
Rxd8+ Qxd8 22. Bc5+ Kg8 23. Rd1 Qa8 24. f4 Nf3+ 25. Kf1 Nd2+ 26. Kg1 Nf3+ 27.
Kf1 Nd2+ 28. Kg1 Nf3+ 29. Kf1 Nd2+ 30. Kg1 Nf3+ 31. Kf1 Nd2+ 1/2-1/2

[Event "Ì11Ï"]
[Site "Loo"]
[Date "2017.04.25"]
[Round "6.39"]
[White "ßøêàåâ, Àëåêñàíäð."]
[Black "Ñàïðûêèí, Àëåêñåé."]
[Result "0-1"]
[WhiteElo "1182"]
[BlackElo "1352"]
[PlyCount "62"]
[EventDate "2017.04.20"]

1. d4 Nf6 2. c4 g6 3. Nc3 d5 4. e3 Bg7 5. Nf3 O-O 6. Be2 Bf5 7. Bd2 c5 8. Qb3
dxc4 9. Bxc4 b6 10. O-O-O cxd4 11. Nxd4 Bd7 12. Be1 Qc7 13. f3 Nc6 14. Bg3 Nxd4
15. Rxd4 Qc5 16. Bf2 Rac8 17. Bd3 b5 18. Kd2 a6 19. Rf1 Be6 20. Qb4 Qxb4 21.
Rxb4 Nd5 22. Nxd5 Bxd5 23. a3 Rfd8 24. Ke2 Bc4 25. Rxc4 Rxc4 26. Bxc4 bxc4 27.
Rb1 Rb8 28. a4 Rb4 29. Bh4 c3 30. b3 Rxh4 31. Rc1 Rxh2 0-1

[Event "Ì11Ï"]
[Site "Loo"]
[Date "2017.04.25"]
[Round "6.40"]
[White "Òðåôèëîâ, Âÿ÷åñëàâ."]
[Black "Ìîøêîâ, Àëåêñàíäð."]
[Result "1-0"]
[WhiteElo "1346"]
[BlackElo "1178"]
[PlyCount "138"]
[EventDate "2017.04.20"]

1. e4 c5 2. Nf3 d6 3. d4 cxd4 4. Nxd4 Nf6 5. f3 e6 6. c4 Nc6 7. Be3 g6 8. Nc3
Bg7 9. Be2 O-O 10. O-O Re8 11. Qd2 a6 12. Rfd1 d5 13. Nxc6 bxc6 14. e5 Nd7 15.
f4 f6 16. exf6 Nxf6 17. Bd4 Qc7 18. Rac1 Qe7 19. Bf3 Rb8 20. Be5 Rb4 21. a3
Rxc4 22. b3 Rxc3 23. Qxc3 Bb7 24. b4 Rf8 25. Qc5 Qf7 26. Qd4 Bh6 27. Rc2 Nd7
28. Bd6 Bg7 29. Qf2 Re8 30. Re2 Nf6 31. Be5 Rf8 32. Rf1 Rd8 33. Qb6 Re8 34. Qc7
Re7 35. Qb6 Nd7 36. Qd4 Nxe5 37. fxe5 Qe8 38. Bg4 g5 39. g3 a5 40. Qc5 Ba6 41.
Qxa5 Bxe2 42. Bxe2 Bxe5 43. Qc5 Bg7 44. Bh5 Qd7 45. Qc2 d4 46. Rc1 d3 47. Qxc6
Qd4+ 48. Kf1 Qf6+ 49. Ke1 Qe5+ 50. Kd1 Rf7 51. Bxf7+ Kxf7 52. Qd7+ Kf6 53. Qd8+
Kg6 54. Qxd3+ Kh6 55. Qe2 Qd4+ 56. Qd2 Qg4+ 57. Ke1 Qe4+ 58. Kf2 Bd4+ 59. Kf1
Qf3+ 60. Ke1 Be3 61. Qe2 Qh1+ 62. Qf1 Qxf1+ 63. Kxf1 Bxc1 64. a4 Be3 65. Ke2
Bb6 66. a5 Ba7 67. b5 Kg6 68. b6 Bb8 69. a6 Kf7 1-0

[Event "Ì11Ï"]
[Site "Loo"]
[Date "2017.04.25"]
[Round "6.41"]
[White "Íåôåäîâ, Èëüÿ."]
[Black "Ìàñòåðñêèõ, Áîãäàí."]
[Result "0-1"]
[WhiteElo "1179"]
[BlackElo "1344"]
[PlyCount "88"]
[EventDate "2017.04.20"]

1. e4 Nc6 2. Bc4 e6 3. Qe2 Bc5 4. Nf3 Nge7 5. d3 O-O 6. O-O Ng6 7. Bg5 Nd4 8.
Nxd4 Qxg5 9. Nb5 Bb6 10. Nd2 d5 11. Nf3 Qxg2+ 12. Kxg2 Nf4+ 13. Kh1 Nxe2 14.
exd5 exd5 15. Bxd5 c6 16. Rfe1 Nf4 17. Bxc6 bxc6 18. Nc3 c5 19. Rg1 Bb7 20. Rg3
c4 21. Rag1 g6 22. dxc4 Bxf2 23. Rf1 Bxg3 24. hxg3 Nh5 25. Kg2 Rad8 26. b3 Rd2+
27. Rf2 Rxf2+ 28. Kxf2 Bxf3 29. Kxf3 f5 30. Nd5 Nf6 31. Ne7+ Kf7 32. Nc6 a6 33.
b4 Ne4 34. Kf4 Rc8 35. Ne5+ Ke6 36. b5 g5+ 37. Ke3 Kxe5 38. bxa6 Nc3 39. a7 h5
40. c5 h4 41. c6 h3 42. c7 h2 43. a8=Q Rxa8 44. Kd3 h1=Q 0-1

[Event "Ì11Ï"]
[Site "Loo"]
[Date "2017.04.25"]
[Round "6.42"]
[White "Ëåâ÷åíêî, Ëåîíèä."]
[Black "Âîðîíèí, Íèêèòà."]
[Result "0-1"]
[WhiteElo "1343"]
[BlackElo "1104"]
[PlyCount "94"]
[EventDate "2017.04.20"]

1. e4 c5 2. f4 Nc6 3. Nf3 d6 4. Bb5 Bd7 5. Nc3 g6 6. O-O Bg7 7. d3 Nf6 8. Qe1
O-O 9. Qh4 Nb4 10. Bxd7 Qxd7 11. e5 Ng4 12. e6 Qxe6 13. Ng5 Bd4+ 14. Kh1 Nf2+
15. Qxf2 Qg4 16. Qf3 Qxf3 17. Nxf3 Bg7 18. Rf2 a6 19. a3 Nc6 20. Bd2 b5 21. Rb1
Rfb8 22. b4 cxb4 23. axb4 a5 24. bxa5 Rxa5 25. Ne4 b4 26. Rff1 Ra2 27. Rfc1 f5
28. Neg5 Rba8 29. c3 R8a3 30. cxb4 Na7 31. d4 Nb5 32. Ne6 Kf7 33. Nxg7 Kxg7 34.
Kg1 Rd3 35. Ra1 Rb2 36. Ra5 Nxd4 37. Bc3 Rxc3 38. Rxc3 Ne2+ 39. Kf1 Nxc3 40.
Ra7 Kf6 41. Rb7 h6 42. Nd4 e5 43. fxe5+ Kxe5 44. Nc6+ Kd5 45. Ne7+ Kc4 46. Nxg6
Rxb4 47. Rc7+ Kd3 0-1

[Event "Ì11Ï"]
[Site "Loo"]
[Date "2017.04.25"]
[Round "6.43"]
[White "Ñàáèðîâ, Ìàðñåëü."]
[Black "Ìåëèêÿí, Âàðäàí."]
[Result "0-1"]
[WhiteElo "1138"]
[BlackElo "1337"]
[PlyCount "62"]
[EventDate "2017.04.20"]

1. e4 e5 2. Nf3 Nc6 3. Bb5 a6 4. Bxc6 dxc6 5. O-O Bd6 6. d4 Bg4 7. Be3 Nf6 8.
dxe5 Bxf3 9. Qxf3 Bxe5 10. Nc3 O-O 11. Rad1 Qe7 12. Bg5 Qe6 13. Bxf6 Bxf6 14.
Qg3 Rac8 15. Rfe1 Bxc3 16. bxc3 Qxa2 17. Re2 Qe6 18. f4 Rfd8 19. Rd3 h6 20.
Red2 Qe7 21. Qg4 Re8 22. e5 Qc5+ 23. Kh1 Qc4 24. Qf3 Qb5 25. h3 a5 26. Qh5 a4
27. Rg3 Qf1+ 28. Kh2 Qxf4 29. Rf2 Qxf2 30. Qxh6 Qxg3+ 31. Kxg3 gxh6 0-1

[Event "Ì11Ï"]
[Site "Loo"]
[Date "2017.04.25"]
[Round "6.45"]
[White "×åðíÿåâ, Äàíèë."]
[Black "Ìàêñèí, Âëàäèìèð."]
[Result "0-1"]
[WhiteElo "1108"]
[BlackElo "1325"]
[PlyCount "134"]
[EventDate "2017.04.20"]

1. c4 Nf6 2. Nc3 g6 3. d4 d5 4. cxd5 Nxd5 5. Qb3 Nxc3 6. bxc3 Bg7 7. Bf4 O-O 8.
e3 c5 9. Nf3 Nc6 10. Bc4 a6 11. Be2 Qa5 12. O-O b5 13. Qd5 Bb7 14. Qxc5 Rac8
15. Qg5 Qxc3 16. Qh4 Qc2 17. Bd1 Qf5 18. Bb3 e5 19. dxe5 Nxe5 20. Nxe5 Bxe5 21.
Bxe5 Qxe5 22. Rac1 a5 23. a4 b4 24. Qd4 Qe4 25. Qxe4 Bxe4 26. Rfd1 Rc3 27. Rxc3
bxc3 28. Rc1 c2 29. f3 Bd3 30. Kf2 Rb8 31. Bxc2 Rc8 32. Bxd3 Rxc1 33. Bb5 Ra1
34. Kg3 Kg7 35. Kf4 Ra2 36. Kg3 Kf6 37. h4 h5 38. Kh3 g5 39. hxg5+ Kxg5 40. Be8
f6 41. Bd7 Ra3 42. e4 h4 43. Bc6 Ra1 44. Kh2 Kf4 45. Bb5 Ke3 46. Bd7 Kf2 47. f4
Rg1 48. Bh3 Re1 49. Bf5 Ke3 50. e5 fxe5 51. fxe5 Kf4 52. Bh7 Kxe5 53. Bd3 Kf4
54. Bb5 Ke3 55. g3 hxg3+ 56. Kxg3 Rg1+ 57. Kh2 Rg7 58. Kh3 Kd4 59. Kh4 Kc3 60.
Kh5 Kb3 61. Kh4 Rg1 62. Kh3 Ra1 63. Kg2 Rxa4 64. Kf3 Rd4 65. Ke3 Rd8 66. Ke4 a4
67. Bxa4+ Kxa4 0-1

[Event "Ì11Ï"]
[Site "Loo"]
[Date "2017.04.25"]
[Round "6.48"]
[White "Ãðèøèí, Ïåòð."]
[Black "Ñåì¸íîâ, Èëüÿ."]
[Result "0-1"]
[WhiteElo "1343"]
[BlackElo "1440"]
[PlyCount "140"]
[EventDate "2017.04.20"]

1. e4 e5 2. Nf3 Nc6 3. d4 exd4 4. Nxd4 Nf6 5. Nxc6 bxc6 6. e5 Nd5 7. c4 Nb6 8.
Bd3 Bb4+ 9. Bd2 Bxd2+ 10. Nxd2 d5 11. O-O O-O 12. f4 dxc4 13. Bc2 Ba6 14. Rf3
Qd4+ 15. Kh1 Rad8 16. Rh3 h6 17. Nf3 Qxb2 18. Qb1 c3 19. f5 Qxb1+ 20. Rxb1 Bd3
21. Bxd3 Rxd3 22. Rc1 Nd5 23. Rh4 Ne3 24. Ne1 Rd1 25. Rxd1 Nxd1 26. Rd4 Ne3 27.
f6 g6 28. Re4 c2 29. Nxc2 Nxc2 30. Rc4 Rd8 31. h3 Rd1+ 32. Kh2 Ne3 33. Rxc6
Nf1+ 34. Kh1 h5 35. Rxc7 h4 36. Kg1 Ng3+ 37. Kf2 Rd2+ 38. Ke1 Rxg2 39. Rc8+ Kh7
40. Rc7 Re2+ 41. Kd1 Rxe5 42. Rxf7+ Kg8 43. Rxa7 Nh5 44. f7+ Kf8 45. a4 Re7 46.
Rxe7 Kxe7 47. a5 Nf6 48. a6 Nd7 49. a7 Nb6 50. Kc2 Kxf7 51. Kd3 g5 52. Ke4 Ke6
53. Ke3 Ke5 54. Kf3 Kf5 55. Kf2 Kf4 56. Kg2 Ke3 57. Kg1 Kf3 58. Kh2 Kf2 59. Kh1
Kg3 60. Kg1 Kxh3 61. Kh1 g4 62. Kg1 g3 63. Kh1 Kg4 64. Kg1 Kf3 65. Kh1 g2+ 66.
Kg1 Na8 67. Kh2 Kf2 68. Kh3 g1=Q 69. Kxh4 Qg6 70. Kh3 Qg3# 0-1

[Event "Ì11Ï"]
[Site "Loo"]
[Date "2017.04.25"]
[Round "6.49"]
[White "Øåâåë¸â, Äàíèèë."]
[Black "Ìèíüêî, Àëåêñàíäð."]
[Result "1/2-1/2"]
[WhiteElo "1418"]
[BlackElo "1247"]
[PlyCount "81"]
[EventDate "2017.04.20"]

1. e4 e5 2. Nf3 Nc6 3. Nc3 Nf6 4. d4 Bb4 5. d5 Nxe4 6. Qd3 Nc5 7. Qc4 Nd4 8.
Nxd4 exd4 9. Qxd4 Qe7+ 10. Be2 O-O 11. O-O Bxc3 12. Qxc3 Qxe2 13. Qxc5 d6 14.
Qc3 Bf5 15. Be3 Qxc2 16. Qxc2 Bxc2 17. Rfc1 Be4 18. Rxc7 Bxd5 19. Rd1 Bxa2 20.
Rxb7 Rfb8 21. Rxb8+ Rxb8 22. Rxd6 h6 23. Rd2 a5 24. h3 a4 25. Bc5 Rc8 26. Ba3
Bb3 27. Kh2 Rc2 28. Rxc2 Bxc2 29. Kg3 Bb3 30. Kf4 g6 31. Ke4 Kg7 32. Ke5 f5 33.
h4 Kf7 34. g3 h5 35. Kf4 Bc2 36. Bb4 Bb3 37. Ba3 Bc2 38. Bb4 Bb3 39. Ba3 Bc2
40. Bb4 Bb3 41. Ba3 1/2-1/2

[Event "Ì11Ï"]
[Site "Loo"]
[Date "2017.04.25"]
[Round "6.50"]
[White "Øåëåïíåâ, Àðòåì."]
[Black "Äåíèñîâ, Ìàòâåé."]
[Result "1-0"]
[WhiteElo "1413"]
[BlackElo "1252"]
[PlyCount "189"]
[EventDate "2017.04.20"]

1. e4 e5 2. Nf3 Nc6 3. d4 exd4 4. Bc4 Be7 5. Nxd4 d6 6. Bb5 Bd7 7. Bxc6 bxc6 8.
O-O Nf6 9. Nc3 O-O 10. Bf4 Re8 11. Re1 h6 12. h3 Rb8 13. Be3 c5 14. Nb3 Bf8 15.
f3 g6 16. Rb1 Bg7 17. Qd2 Kh7 18. a3 Be6 19. Na5 Bd7 20. Nb3 Qe7 21. Bf4 Nh5
22. Be3 Bc6 23. Na5 Ba8 24. b3 Qe5 25. Ne2 f5 26. Nc4 Qe6 27. exf5 Qxf5 28. Bf2
Rf8 29. Ng3 Nxg3 30. Bxg3 Bd4+ 31. Bf2 Bg7 32. Ne3 Qg5 33. Rbd1 Be5 34. Nc4 Bf4
35. Qd3 d5 36. Nd2 d4 37. Ne4 Qe5 38. Kh1 Rbe8 39. Nd2 Qg5 40. Ne4 Qe5 41. Nd2
Qg5 42. Ne4 Qe5 43. Kg1 Bh2+ 44. Kh1 Bf4 45. Bh4 Bxe4 46. Rxe4 Qd5 47. Rde1
Rxe4 48. Qxe4 Qxe4 49. Rxe4 Be3 50. Re5 g5 51. Bg3 Kg6 52. Rxc5 d3 53. Rc6+ Kf5
54. cxd3 g4 55. hxg4+ Kg5 56. Rxc7 Rh8 57. Re7 Bb6 58. Re5+ Kf6 59. Rh5 Be3 60.
Be5+ Kg6 61. Bxh8 Bc1 62. Bd4 a6 63. Bc5 Bg5 64. g3 a5 65. f4 Bd8 66. f5+ Kg7
67. Bd4+ Kh7 68. f6 Kg6 69. Rxa5 Bxa5 70. b4 Bc7 71. Kh2 Bd6 72. Bc5 Be5 73.
Be7 Kf7 74. b5 Kg6 75. a4 Bc7 76. d4 Ba5 77. d5 Kf7 78. d6 Ke6 79. Kh3 Bb6 80.
Kh4 Ba5 81. g5 hxg5+ 82. Kxg5 Bd2+ 83. Kg6 Bb4 84. f7 Bxd6 85. Bxd6 Kxd6 86.
f8=Q+ Kd5 87. Kf5 Kd4 88. Qd6+ Ke3 89. Qf4+ Kd3 90. Qe4+ Kc3 91. b6 Kb3 92. b7
Kc3 93. b8=Q Kd2 94. Qb2+ Kd1 95. Qee2# 1-0

[Event "Ì11Ï"]
[Site "Loo"]
[Date "2017.04.25"]
[Round "6.51"]
[White "Çåíêîâ, Ìàêñèì."]
[Black "Ôåäîòîâ, Äàíèèë."]
[Result "1-0"]
[WhiteElo "1408"]
[BlackElo "1240"]
[PlyCount "83"]
[EventDate "2017.04.20"]

1. e4 c5 2. Nc3 d6 3. g3 Nc6 4. Bg2 g6 5. f4 Bg7 6. Nf3 Bg4 7. h3 Bxf3 8. Bxf3
e5 9. d3 Nge7 10. O-O O-O 11. Bg2 f5 12. Be3 Qd7 13. Qd2 Rf7 14. Rf2 Raf8 15.
Raf1 exf4 16. Bxf4 Nd4 17. Kh2 b5 18. exf5 Nexf5 19. Bd5 Ne6 20. Ne4 Ne7 21.
Bxe6 Qxe6 22. Ng5 Qxa2 23. Nxf7 Rxf7 24. Bxd6 Nf5 25. g4 Nxd6 26. Rxf7 Nxf7 27.
b3 Qa6 28. Qf2 Qb7 29. Qxc5 Be5+ 30. Kg1 Qd7 31. Rxf7 Qd4+ 32. Qxd4 Bxd4+ 33.
Rf2 Bxf2+ 34. Kxf2 Kf7 35. b4 Ke6 36. Ke3 Kd5 37. h4 Ke5 38. c4 bxc4 39. dxc4
h6 40. h5 g5 41. b5 a5 42. bxa6 1-0

[Event "Ì11Ï"]
[Site "Loo"]
[Date "2017.04.25"]
[Round "6.52"]
[White "Èñàéêèí, Âàëåðèé."]
[Black "Êîñòèêîâ, Ìèõàèë."]
[Result "1-0"]
[WhiteElo "1297"]
[BlackElo "1403"]
[PlyCount "65"]
[EventDate "2017.04.20"]

1. d4 d5 2. c4 e5 3. dxe5 d4 4. Nf3 Nc6 5. Nbd2 Be6 6. a3 Nge7 7. Nb3 Ng6 8.
Nbxd4 Ncxe5 9. Nxe6 Qxd1+ 10. Kxd1 fxe6 11. Nxe5 Nxe5 12. e4 O-O-O+ 13. Kc2 Bc5
14. f3 a5 15. Bg5 Rd7 16. b4 Bd4 17. Rb1 a4 18. c5 h6 19. Bh4 Ng6 20. Bg3 Rhd8
21. Bc4 Nf8 22. Bb5 c6 23. Bxa4 Be3 24. Bd6 b5 25. Bb3 e5 26. Rhd1 Ra7 27. Bxe5
Rxa3 28. Rxd8+ Kxd8 29. Rd1+ Ke7 30. Bxg7 Ne6 31. Bb2 Ra7 32. Bxe6 Kxe6 33.
Rd6+ 1-0

[Event "Ì11Ï"]
[Site "Loo"]
[Date "2017.04.25"]
[Round "6.53"]
[White "Î÷èðîâ, Áàòîð."]
[Black "Ïóãà÷, Ãëåá."]
[Result "1-0"]
[WhiteElo "1221"]
[BlackElo "1403"]
[PlyCount "153"]
[EventDate "2017.04.20"]

1. e4 c5 2. Nf3 d6 3. Bc4 Nf6 4. e5 dxe5 5. Nxe5 e6 6. Qe2 Be7 7. Nc3 O-O 8. d3
Nbd7 9. f4 Nxe5 10. fxe5 Nd5 11. Bd2 a6 12. a4 Nb4 13. Bb3 Qd4 14. Qe3 Qxe3+
15. Bxe3 Nc6 16. Ne4 b6 17. O-O Nxe5 18. a5 f5 19. Ng3 Kh8 20. axb6 Ng6 21. Ne2
Rb8 22. d4 cxd4 23. Bxd4 e5 24. Bc3 Bc5+ 25. Kh1 Rxb6 26. Rad1 Rd6 27. Rxd6
Bxd6 28. Rd1 Bc7 29. Rd5 Rd8 30. Rxd8+ Bxd8 31. Bf7 Bc7 32. Bxg6 hxg6 33. Kg1
Bb7 34. g3 Be4 35. Nc1 Bxc2 36. Na2 Bd3 37. Nb4 Bb6+ 38. Kg2 Be4+ 39. Kf1 a5
40. Na2 Bd3+ 41. Kg2 e4 42. Nc1 Be3 43. Nxd3 exd3 44. Kf3 d2 45. Ke2 Bg1 46. h3
Bh2 47. g4 Bf4 48. Bxa5 Kg8 49. b4 Kf7 50. b5 Ke7 51. Bxd2 Bc7 52. Kf3 Kf6 53.
Bf4 Bd8 54. Bb8 Bb6 55. h4 g5 56. h5 g6 57. h6 Kf7 58. Be5 Kg8 59. Bf6 Kh7 60.
Bxg5 Bc7 61. gxf5 gxf5 62. Ke3 Kg6 63. Bf4 Bb6+ 64. Kd3 Kh7 65. Kc4 Kg6 66. Kd5
Kh7 67. Kd6 Bf2 68. Kc6 Ba7 69. b6 Bxb6 70. Kxb6 Kg8 71. Kc6 Kh8 72. Kd6 Kg8
73. Ke6 Kh7 74. Kxf5 Kh8 75. Kg6 Kg8 76. h7+ Kf8 77. h8=Q+ 1-0

[Event "Ì11Ï"]
[Site "Loo"]
[Date "2017.04.25"]
[Round "6.54"]
[White "Ìåðöàëîâ, Ñåì¸í."]
[Black "Êóõòèí, Âëàäèñëàâ."]
[Result "1-0"]
[WhiteElo "1215"]
[BlackElo "1392"]
[PlyCount "73"]
[EventDate "2017.04.20"]

1. d4 Nf6 2. c4 g6 3. Nc3 Bg7 4. e4 d6 5. Bf4 c5 6. d5 O-O 7. Be2 e6 8. h4 Nbd7
9. Bxd6 Re8 10. e5 Nxe5 11. Bxe5 exd5 12. Bxf6 Qxf6 13. cxd5 Bg4 14. Kf1 Bxe2+
15. Ngxe2 Qa6 16. Kg1 Re5 17. Rb1 Rae8 18. d6 Rd8 19. Qc2 Qb6 20. Kh2 Rh5 21.
g3 Qxd6 22. Kh3 Qe6+ 23. g4 c4 24. Nf4 Rd3+ 25. Qxd3 Rxh4+ 26. Kg2 Qc6+ 27. Qe4
Rxg4+ 28. Kf3 Qc8 29. Ncd5 Qb8 30. Rbe1 Kf8 31. Qe7+ Kg8 32. Qe8+ Qxe8 33.
Rxe8+ Bf8 34. Kxg4 f5+ 35. Kg5 c3 36. Nf6+ Kg7 37. Rxh7# 1-0